000 00951nam a2200301Ia 4500
003 OSt
005 20220912150111.0
006 a|||||r|||| 00| 0
007 ta
008 220909b |||||||| |||| 00| 0 eng d
020 _a0750677325 (hbd)
024 _a12734
037 _b10208, 06/05/2004, Govinda Book House
037 _cTextbook
040 _aCSL
_beng
_cCSL
041 _aeng
082 _aB2T0b89P, P3 TB
100 _aAnnacchino Marc A
245 0 _aNew product development: from intial idea to product management
260 _aAmsterdam
_bElsevier
_c2003
300 _axxxii, 567p.
_ccm. Includes CD-ROM
500 _aAppendix A-B, 517-560p; Index 561-567p
650 _a New products-planning
650 _a Product management
650 _aOperational Research
942 _hB2T0b89P, P3 TB
_cTB
_2CC
999 _c39640
_d39640